[Event "Goch op 26th"]
[Site "Goch"]
[Date "2015.09.04"]
[Round "2"]
[White "Gerst, Michael"]
[Black "Hintze, Helge"]
[Result "0-1"]
[WhiteElo "2043"]
[BlackElo "2317"]
[PlyCount "82"]
[EventDate "2015.09.03"]
[EventType "swiss"]
[EventRounds "7"]
[EventCountry "GER"]
[SourceTitle "EXT 2018"]
[Source "ChessBase"]
[SourceDate "2017.10.13"]
[SourceVersion "1"]
[SourceVersionDate "2017.10.13"]
[SourceQuality "1"]

1. d4 Nf6 2. c4 g6 3. Nc3 d5 4. Nf3 Bg7 5. Qb3 dxc4 6. Qxc4 0-0 7. e4 Na6 8. Be2 c5 9. d5 e6 10. 0-0 exd5 11. exd5 Re8 12. Bf4 Bf5 13. Rfe1 Qb6 14. Qb5 Nb4 15. Red1 Nh5 16. Bg3 Nxg3 17. hxg3 Nc2 18. Rac1 Nd4 19. Qxb6 Nxe2+ 20. Nxe2 axb6 21. Nc3 Bxc3 22. bxc3 Rxa2 23. Re1 Raa8 24. Ne5 Rad8 25. g4 Rxd5 26. gxf5 Rdxe5 27. Rxe5 Rxe5 28. Rb1 Rxf5 29. Rxb6 Rd5 30. Rxb7 Rd3 31. Rc7 Rxc3 32. Kh2 h5 33. f3 Kg7 34. Kg3 g5 35. Rc8 f6 36. Kh2 Kg6 37. Rg8+ Kf5 38. Rh8 h4 39. Re8 Rc4 40. Re7 Rd4 41. Re8 Rd5 0-1

[Event "Goch op 26th"]
[Site "Goch"]
[Date "2015.09.03"]
[Round "1"]
[White "Hintze, Helge"]
[Black "Schaefers, Bernd"]
[Result "1-0"]
[WhiteElo "2317"]
[BlackElo "1890"]
[PlyCount "85"]
[EventDate "2015.09.03"]
[EventType "swiss"]
[EventRounds "7"]
[EventCountry "GER"]
[SourceTitle "EXT 2018"]
[Source "ChessBase"]
[SourceDate "2017.10.13"]
[SourceVersion "1"]
[SourceVersionDate "2017.10.13"]
[SourceQuality "1"]

1. Nf3 d5 2. g3 Nf6 3. Bg2 c6 4. 0-0 Bf5 5. d4 e6 6. c4 Bd6 7. Nc3 Nbd7 8. Nd2 Rc8 9. e4 dxe4 10. Ndxe4 Nxe4 11. Nxe4 Bxe4 12. Bxe4 Nf6 13. Bg2 0-0 14. b3 Be7 15. Be3 Qd7 16. Qe2 Rfd8 17. Rfd1 b6 18. Rd3 Qc7 19. Rad1 Rd7 20. Bf4 Bd6 21. Bc1 Be7 22. Qf3 Ne8 23. h4 c5 24. Bf4 Bd6 25. dxc5 Qxc5 26. Bc1 Qc7 27. Bb2 Qc5 28. Qg4 Rcd8 29. Qe4 Rc8 30. Qf3 Qc7 31. R1d2 Qc5 32. Qd1 Rcd8 33. Bd4 Qc7 34. Bc3 a5 35. Kh2 Qc5 36. f4 h6 37. Qf3 Qc7 38. Qc6 Rc8 39. Qxc7 Rdxc7 40. Rxd6 Nxd6 41. Rxd6 Rb8 42. a4 Kf8 43. Bd4 1-0

[Event "NRW Class1 1415"]
[Site "Germany"]
[Date "2014.12.14"]
[Round "4.3"]
[White "Hintze, Helge"]
[Black "Adamski, Jan"]
[Result "1/2-1/2"]
[WhiteElo "2218"]
[BlackElo "2276"]
[PlyCount "35"]
[EventDate "2014.09.14"]
[EventType "team-tourn"]
[EventRounds "9"]
[EventCountry "GER"]
[SourceTitle "EXT 2017"]
[Source "ChessBase"]
[SourceDate "2016.10.25"]
[SourceVersion "1"]
[SourceVersionDate "2016.10.25"]
[SourceQuality "1"]
[WhiteTeam "Elberfeld"]
[BlackTeam "Letmathe"]
[WhiteTeamCountry "GER"]
[BlackTeamCountry "GER"]

1. Nf3 Nf6 2. g3 b5 3. Bg2 Bb7 4. 0-0 e6 5. b3 c5 6. d4 cxd4 7. Nxd4 Bxg2 8. Kxg2 Qb6 9. Ba3 Bc5 10. Bxc5 Qxc5 11. Qd3 Nc6 12. c3 Rb8 13. f3 0-0 14. a4 bxa4 15. Rxa4 Rfc8 16. Nxc6 Rxc6 17. Rc4 Qd5 18. Rxc6 1/2-1/2

[Event "NRW Class1 1415"]
[Site "Germany"]
[Date "2014.09.14"]
[Round "1.2"]
[White "Hintze, Helge"]
[Black "Mainka, Romuald"]
[Result "0-1"]
[WhiteElo "2218"]
[BlackElo "2346"]
[PlyCount "92"]
[EventDate "2014.09.14"]
[EventType "team-tourn"]
[EventRounds "9"]
[EventCountry "GER"]
[SourceTitle "EXT 2017"]
[Source "ChessBase"]
[SourceDate "2016.10.25"]
[SourceVersion "1"]
[SourceVersionDate "2016.10.25"]
[SourceQuality "1"]
[WhiteTeam "Elberfeld"]
[BlackTeam "Dortmund Hansa II"]
[WhiteTeamCountry "GER"]
[BlackTeamCountry "GER"]

1. Nf3 e6 2. g3 Nf6 3. Bg2 d5 4. 0-0 Be7 5. d4 0-0 6. c4 dxc4 7. Ne5 Nc6 8. Nxc6 bxc6 9. e3 a5 10. Qa4 Nd5 11. Qxc6 Nb6 12. Rd1 Bd7 13. Qe4 Ba4 14. Re1 Bb4 15. Bd2 Qd7 16. a3 Be7 17. Nc3 Bb3 18. Qe5 c6 19. Ne4 Na4 20. Bc3 Nxc3 21. bxc3 a4 22. Nd2 Bd6 23. Qh5 Qe7 24. Qe2 Bxa3 25. Nxc4 Bd6 26. Nd2 Qc7 27. Nxb3 axb3 28. Rxa8 Rxa8 29. Rb1 Rb8 30. Qc4 b2 31. Qxc6 Qxc6 32. Bxc6 Ba3 33. c4 Rb4 34. Bb5 Rb3 35. Kg2 Rc3 36. c5 e5 37. dxe5 Rxc5 38. Bd3 Rxe5 39. Kf3 Rc5 40. Ke2 Rc1 41. f4 Kf8 42. e4 Ke7 43. e5 Kd7 44. Kf3 Kc6 45. e6 fxe6 46. Bxh7 Kc5 0-1

[Event "NRW Class1 1314"]
[Site "Germany"]
[Date "2014.04.06"]
[Round "8.2"]
[White "Wittke, Rene"]
[Black "Hintze, Helge"]
[Result "1-0"]
[WhiteElo "2145"]
[BlackElo "2243"]
[PlyCount "145"]
[EventDate "2013.09.15"]
[EventType "team-tourn"]
[EventRounds "9"]
[EventCountry "GER"]
[SourceTitle "EXT 2015"]
[Source "ChessBase"]
[SourceDate "2014.11.20"]
[SourceVersion "1"]
[SourceVersionDate "2014.11.20"]
[SourceQuality "1"]
[WhiteTeam "Lieme"]
[BlackTeam "Elberfeld"]
[WhiteTeamCountry "GER"]
[BlackTeamCountry "GER"]

1. e4 e6 2. d4 d5 3. Nd2 Nf6 4. Bd3 c5 5. c3 Nc6 6. Ngf3 cxd4 7. cxd4 Nb4 8. Bb1 dxe4 9. Nxe4 Nbd5 10. 0-0 Be7 11. Ne5 0-0 12. Qd3 Nxe4 13. Qxe4 f5 14. Qf3 Bd6 15. Bc2 Bxe5 16. dxe5 Bd7 17. Bb3 Bc6 18. Be3 Qc7 19. Bc5 Qxe5 20. Rfe1 Qxb2 21. Bxf8 Rxf8 22. Rac1 Qf6 23. Qg3 Re8 24. Rcd1 Kf7 25. Qd6 Qe7 26. Qe5 Rd8 27. Qd4 a6 28. Re5 Rd6 29. Rde1 g6 30. g3 Nc7 31. Qf4 Bd5 32. Bxd5 Nxd5 33. Qh6 Nf6 34. h3 Kg8 35. Rc5 Qd7 36. Rec1 Rd1+ 37. Kg2 Rxc1 38. Qxc1 Nd5 39. Rc8+ Kg7 40. Qb2+ Kh6 41. Rb8 b5 42. Qd4 f4 43. Qe4 Qc7 44. Ra8 Qb7 45. Re8 fxg3 46. fxg3 Ne3+ 47. Kf3 Qf7+ 48. Qf4+ Qxf4+ 49. Kxf4 Nd5+ 50. Kf3 Nb4 51. Rxe6 Nxa2 52. Rxa6 Nc3 53. Rb6 Kg7 54. Rb7+ Kh6 55. Ke3 b4 56. Kf3 Nd5 57. Rb5 Nf6 58. Rxb4 g5 59. Rb5 Kg6 60. Ke3 h6 61. Ra5 Nh5 62. Ra6+ Kg7 63. Kf3 Nf6 64. h4 Kf7 65. Ke3 Kg7 66. Kd4 Nh5 67. Ra7+ Kf8 68. hxg5 Nxg3 69. g6 Nh5 70. Ke5 Kg8 71. Rh7 Ng3 72. Rxh6 Kg7 73. Rh2 1-0

[Event "NRW Class1 1314"]
[Site "Germany"]
[Date "2014.02.02"]
[Round "6.2"]
[White "Rosen, Bernd"]
[Black "Hintze, Helge"]
[Result "1-0"]
[WhiteElo "2241"]
[BlackElo "2243"]
[PlyCount "29"]
[EventDate "2013.09.15"]
[EventType "team-tourn"]
[EventRounds "9"]
[EventCountry "GER"]
[SourceTitle "EXT 2015"]
[Source "ChessBase"]
[SourceDate "2014.11.20"]
[SourceVersion "1"]
[SourceVersionDate "2014.11.20"]
[SourceQuality "1"]
[WhiteTeam "Katernberg II"]
[BlackTeam "Elberfeld"]
[WhiteTeamCountry "GER"]
[BlackTeamCountry "GER"]

1. c4 Nf6 2. Nc3 d5 3. cxd5 Nxd5 4. g3 c5 5. Bg2 Nc7 6. Nf3 Nc6 7. 0-0 g6 8. Na4 b6 9. d4 cxd4 10. Bf4 Bg7 11. Rc1 e5 12. Qc2 Bd7 13. Nxe5 Nxe5 14. Qxc7 Bxa4 15. Bxa8 1-0

[Event "Goch op 24th"]
[Site "Goch"]
[Date "2013.09.07"]
[Round "4"]
[White "Burg, Twan"]
[Black "Hintze, Helge"]
[Result "1/2-1/2"]
[WhiteElo "2490"]
[BlackElo "2330"]
[PlyCount "127"]
[EventDate "2013.09.05"]
[EventType "swiss"]
[EventRounds "7"]
[EventCountry "GER"]
[SourceTitle "EXT 2015"]
[Source "ChessBase"]
[SourceDate "2014.11.20"]
[SourceVersion "1"]
[SourceVersionDate "2014.11.20"]
[SourceQuality "1"]

1. e4 e6 2. d4 d5 3. Nd2 Nf6 4. e5 Nfd7 5. c3 c5 6. Bd3 Nc6 7. Ne2 cxd4 8. cxd4 f6 9. exf6 Nxf6 10. Nf3 Bd6 11. 0-0 Qc7 12. Bg5 0-0 13. Bh4 Nh5 14. Qc2 h6 15. Bh7+ Kh8 16. Bg6 Rxf3 17. Bxh5 Rf5 18. Bg6 Rf8 19. Bg3 Bd7 20. a3 Bxg3 21. hxg3 Qb6 22. Rad1 Ne7 23. Bd3 Rac8 24. Qd2 Rf6 25. b4 Bb5 26. Qe3 Bxd3 27. Rxd3 Rc4 28. g4 Qd6 29. g3 Kg8 30. Kg2 b5 31. Rh1 Nc6 32. Rh5 Qf8 33. Nf4 Rc2 34. Rc3 Rxc3 35. Qxc3 Rxf4 36. gxf4 Qxf4 37. Qf3 Qxd4 38. Qe2 Kf7 39. g5 hxg5 40. Rxg5 a6 41. Qh5+ Kf8 42. Qh8+ Kf7 43. Qh5+ Kf8 44. Rg6 Ke7 45. Rg3 a5 46. bxa5 Nxa5 47. Qh8 Qe4+ 48. Kh2 g6 49. Qg7+ Kd6 50. Qf8+ Kd7 51. Qf7+ Kd6 52. Rxg6 Nc6 53. Qf8+ Kc7 54. Qf7+ Kd6 55. Rg7 d4 56. Qf8+ Kd5 57. Rg5+ e5 58. Qf7+ Kc5 59. Qf8+ Kc4 60. Rg1 Qh4+ 61. Kg2 Qg4+ 62. Kh2 Qh4+ 63. Kg2 Qg4+ 64. Kh2 1/2-1/2

[Event "Goch op 23rd"]
[Site "Goch"]
[Date "2012.08.31"]
[Round "2"]
[White "Hintze, Helge"]
[Black "Gorzinski, Dariusz"]
[Result "1-0"]
[WhiteElo "2324"]
[BlackElo "2040"]
[PlyCount "99"]
[EventDate "2012.08.30"]
[EventType "swiss"]
[EventRounds "7"]
[EventCountry "GER"]
[SourceTitle "EXT 2015"]
[Source "ChessBase"]
[SourceDate "2014.11.20"]
[SourceVersion "1"]
[SourceVersionDate "2014.11.20"]
[SourceQuality "1"]

1. d4 d5 2. Nf3 Nf6 3. c4 c6 4. Nc3 dxc4 5. e3 b5 6. a4 b4 7. Nb1 a5 8. Bxc4 e6 9. Qc2 Be7 10. 0-0 Bb7 11. Nbd2 Nbd7 12. b3 0-0 13. Rd1 Rc8 14. Bb2 Qb6 15. Bd3 c5 16. Nc4 Qa7 17. Nfe5 h6 18. Qe2 Nxe5 19. dxe5 Nd5 20. Rac1 Bc6 21. Qg4 Rcd8 22. Nd6 Nc3 23. Bxc3 bxc3 24. Rxc3 Bxd6 25. exd6 f5 26. Qg3 Bd5 27. Bc4 f4 28. exf4 Rxd6 29. Rcd3 Qf7 30. h3 Qxf4 31. Qxf4 Rxf4 32. Bxd5 exd5 33. Rxd5 Rb6 34. Rxc5 Rxb3 35. Rd8+ Kh7 36. Rd7 Rb1+ 37. Kh2 Rxf2 38. Rcc7 Rf6 39. Rxg7+ Kh8 40. Rgd7 Rb8 41. Rh7+ Kg8 42. Rcg7+ Kf8 43. Ra7 Kg8 44. Rhg7+ Kf8 45. Rgc7 Rf5 46. Rh7 Kg8 47. Rxh6 Rb4 48. Rg6+ Kf8 49. Rc6 Kg8 50. Rc8+ 1-0

[Event "NRW Class1 1112"]
[Site "Germany"]
[Date "2011.12.04"]
[Round "4.3"]
[White "Hintze, Helge"]
[Black "Malcher, Werner"]
[Result "1/2-1/2"]
[WhiteElo "2288"]
[BlackElo "2323"]
[PlyCount "111"]
[EventDate "2011.09.18"]
[EventType "team-tourn"]
[EventRounds "9"]
[EventCountry "GER"]
[SourceTitle "EXT 2015"]
[Source "ChessBase"]
[SourceDate "2014.11.20"]
[SourceVersion "1"]
[SourceVersionDate "2014.11.20"]
[SourceQuality "1"]
[WhiteTeam "Elberfeld"]
[BlackTeam "Bielefeld"]
[WhiteTeamCountry "GER"]
[BlackTeamCountry "GER"]

1. Nf3 c5 2. g3 Nf6 3. Bg2 e6 4. 0-0 Be7 5. c4 d5 6. cxd5 Nxd5 7. Nc3 Nc6 8. d3 0-0 9. Bd2 b6 10. Rb1 Bb7 11. a3 Nd4 12. Nxd4 cxd4 13. Nxd5 Bxd5 14. Qa4 Bxg2 15. Kxg2 Qd5+ 16. f3 b5 17. Qa5 Rfb8 18. Rfc1 Bd8 19. Qb4 Bb6 20. a4 bxa4 21. Qxa4 h5 22. Rc4 Rd8 23. Rbc1 Qe5 24. Qd1 Qb5 25. b4 Rd5 26. Qc2 Rdd8 27. Rc6 Qd5 28. Bf4 Rd7 29. Qc4 Re8 30. Rc2 g6 31. Rc8 Rxc8 32. Qxd5 Rxd5 33. Rxc8+ Kg7 34. Rc4 Kf6 35. Bd2 Rd7 36. g4 Ke5 37. gxh5 gxh5 38. Kg3 Kf5 39. Rc8 Bc7+ 40. f4 f6 41. Rh8 Kg6 42. Rg8+ Kf5 43. Kf3 Rd5 44. Rg7 Bb6 45. Be1 e5 46. Bd2 exf4 47. Bxf4 Ke6 48. Rh7 Rb5 49. Bd2 Rf5+ 50. Kg2 Re5 51. Kf2 Rf5+ 52. Ke1 Kd6 53. Kd1 Kc6 54. Kc2 Kd6 55. Kb3 Ke6 56. Kc2 1/2-1/2

[Event "NRW Class1 1112"]
[Site "Germany"]
[Date "2011.11.13"]
[Round "3.3"]
[White "Schoenthier, Frank"]
[Black "Hintze, Helge"]
[Result "1/2-1/2"]
[WhiteElo "2267"]
[BlackElo "2288"]
[PlyCount "38"]
[EventDate "2011.09.18"]
[EventType "team-tourn"]
[EventRounds "9"]
[EventCountry "GER"]
[SourceTitle "EXT 2015"]
[Source "ChessBase"]
[SourceDate "2014.11.20"]
[SourceVersion "1"]
[SourceVersionDate "2014.11.20"]
[SourceQuality "1"]
[WhiteTeam "Langenfeld"]
[BlackTeam "Elberfeld"]
[WhiteTeamCountry "GER"]
[BlackTeamCountry "GER"]

1. e4 e6 2. d4 d5 3. Nd2 Nf6 4. e5 Nfd7 5. Bd3 c5 6. c3 Nc6 7. Ngf3 Qb6 8. 0-0 g6 9. dxc5 Nxc5 10. Nb3 Nd7 11. Re1 Bg7 12. Bf4 0-0 13. Qd2 Qc7 14. Qe3 a6 15. Nbd4 Re8 16. h4 Qb6 17. Qd2 Qc7 18. Qe3 Qb6 19. Qd2 Qc7 1/2-1/2

[Event "NRW Class 1011 playoff"]
[Site "NRW"]
[Date "2011.05.08"]
[Round "1.2"]
[White "Kitte, Sebastian"]
[Black "Hintze, Helge"]
[Result "1-0"]
[WhiteElo "2290"]
[BlackElo "2357"]
[PlyCount "81"]
[EventDate "2011.05.08"]
[EventType "team-match"]
[EventRounds "1"]
[EventCountry "GER"]
[SourceTitle "EXT 2012"]
[Source "ChessBase"]
[SourceDate "2011.11.24"]
[SourceVersion "1"]
[SourceVersionDate "2011.11.24"]
[SourceQuality "1"]
[WhiteTeam "Bochum II"]
[BlackTeam "Elberfeld"]
[WhiteTeamCountry "GER"]
[BlackTeamCountry "GER"]

1. d4 Nf6 2. c4 g6 3. Nc3 d5 4. cxd5 Nxd5 5. Bd2 Nb6 6. Bg5 Bg7 7. e3 0-0 8. Nf3 Be6 9. Be2 Bc4 10. Bxc4 Nxc4 11. Qb3 Nb6 12. 0-0 h6 13. Bh4 a5 14. a4 Re8 15. Rfd1 Nc6 16. Rac1 Nb4 17. d5 Qd7 18. Nb5 Rac8 19. Bg3 Na8 20. Ne5 Bxe5 21. Bxe5 e6 22. d6 c6 23. Nc3 f5 24. e4 Kh7 25. f3 Rf8 26. Na2 c5 27. Nxb4 axb4 28. Ra1 Rf7 29. Re1 Re8 30. a5 Qc6 31. Re2 b6 32. exf5 Rxf5 33. axb6 Qxb6 34. Qa4 Ref8 35. Qd7+ R5f7 36. Qxe6 Nc7 37. Qc4 Nb5 38. Ra8 Nxd6 39. Rxf8 Rxf8 40. Qe6 Re8 41. Qd7+ 1-0

[Event "NRW Class2 1011"]
[Site "Germany"]
[Date "2011.01.30"]
[Round "6.2"]
[White "Hintze, Helge"]
[Black "Perschke, Ulrich"]
[Result "1-0"]
[WhiteElo "2357"]
[BlackElo "2175"]
[PlyCount "67"]
[EventDate "2010.09.26"]
[EventType "team-tourn"]
[EventRounds "9"]
[EventCountry "GER"]
[SourceTitle "EXT 2012"]
[Source "ChessBase"]
[SourceDate "2011.11.24"]
[SourceVersion "1"]
[SourceVersionDate "2011.11.24"]
[SourceQuality "1"]
[WhiteTeam "Elberfeld"]
[BlackTeam "Mettmann Sport"]
[WhiteTeamCountry "GER"]
[BlackTeamCountry "GER"]

1. Nf3 c5 2. g3 Nc6 3. d4 cxd4 4. Nxd4 g6 5. Bg2 Bg7 6. Nb3 Nf6 7. Nc3 d6 8. 0-0 Bd7 9. h3 0-0 10. e4 Rc8 11. Kh2 a6 12. f4 Na5 13. e5 Ne8 14. Nxa5 Qxa5 15. Bxb7 Rxc3 16. bxc3 Bb5 17. Re1 dxe5 18. fxe5 Qxc3 19. Bf4 Nc7 20. a4 Bc6 21. Bxc6 Qxc6 22. Qd3 Ne6 23. Qe4 Qc3 24. Rad1 Rc8 25. Re2 g5 26. Bc1 h6 27. Rd3 Qa1 28. Ba3 Rc7 29. Rb3 Qd1 30. Rb8+ Bf8 31. Rf2 Nd4 32. Rd8 Rxc2 33. Rxc2 Nf3+ 34. Kg2 1-0

[Event "NRW Class2 1011"]
[Site "Germany"]
[Date "2010.12.19"]
[Round "4.2"]
[White "Hintze, Helge"]
[Black "Forchert, Martin"]
[Result "1/2-1/2"]
[WhiteElo "2357"]
[BlackElo "2420"]
[PlyCount "59"]
[EventDate "2010.09.26"]
[EventType "team-tourn"]
[EventRounds "9"]
[EventCountry "GER"]
[SourceTitle "EXT 2012"]
[Source "ChessBase"]
[SourceDate "2011.11.24"]
[SourceVersion "1"]
[SourceVersionDate "2011.11.24"]
[SourceQuality "1"]
[WhiteTeam "Elberfeld"]
[BlackTeam "Bielefeld"]
[WhiteTeamCountry "GER"]
[BlackTeamCountry "GER"]

1. Nf3 d5 2. d4 Nf6 3. c4 c6 4. cxd5 cxd5 5. Nc3 Nc6 6. Bf4 Bf5 7. e3 e6 8. Qb3 Bb4 9. Bb5 0-0 10. 0-0 Qe7 11. Bxc6 bxc6 12. Na4 Nh5 13. a3 Ba5 14. Bg3 Nxg3 15. hxg3 f6 16. Rfc1 Rfc8 17. Qd1 Bg6 18. Nc5 Bb6 19. Rc3 a5 20. Na4 Bd8 21. Rac1 Be8 22. Rc5 Rcb8 23. Qe2 Qb7 24. Nd2 Be7 25. R5c3 Qb5 26. Qd1 Bd6 27. Qc2 Bg6 28. Qd1 Be8 29. Qc2 Bg6 30. Qd1 1/2-1/2

[Event "Goch op 21st"]
[Site "Goch"]
[Date "2010.10.03"]
[Round "7"]
[White "Malakhatko, Vadim"]
[Black "Hintze, Helge"]
[Result "1-0"]
[WhiteElo "2578"]
[BlackElo "2357"]
[PlyCount "37"]
[EventDate "2010.09.30"]
[EventType "swiss"]
[EventRounds "7"]
[EventCountry "GER"]
[SourceTitle "EXT 2012"]
[Source "ChessBase"]
[SourceDate "2011.11.24"]
[SourceVersion "1"]
[SourceVersionDate "2011.11.24"]
[SourceQuality "1"]

1. c4 Nf6 2. Nc3 d5 3. cxd5 Nxd5 4. g3 Nxc3 5. bxc3 g6 6. Bg2 Nd7 7. Rb1 c6 8. Nf3 Bg7 9. 0-0 0-0 10. Qb3 Qa5 11. Ba3 Nc5 12. Qb4 Qxb4 13. Bxb4 Na6 14. Bxe7 Re8 15. Bg5 Rxe2 16. Be3 Rb8 17. Bxa7 Ra8 18. Be3 Nc7 19. Rfc1 1-0

[Event "NRW Class2 0708"]
[Site "Germany"]
[Date "2008.02.10"]
[Round "6.1"]
[White "Armbruster, Alexander"]
[Black "Hintze, Helge"]
[Result "0-1"]
[WhiteElo "2356"]
[BlackElo "2342"]
[PlyCount "74"]
[EventDate "2007.09.16"]
[EventType "team"]
[EventRounds "9"]
[EventCountry "GER"]
[SourceTitle "EXT 2009"]
[Source "ChessBase"]
[SourceDate "2008.11.26"]
[SourceVersion "1"]
[SourceVersionDate "2008.11.26"]
[SourceQuality "1"]
[WhiteTeam "Godesberg II"]
[BlackTeam "Hagen"]
[WhiteTeamCountry "GER"]
[BlackTeamCountry "GER"]

1. e4 e6 2. d4 d5 3. Nc3 Bb4 4. e5 c5 5. Bd2 Nh6 6. Nf3 Nc6 7. Nb5 Bxd2+ 8. Qxd2 0-0 9. dxc5 b6 10. cxb6 Qxb6 11. Bd3 Ng4 12. Qe2 a6 13. h3 Ngxe5 14. Nxe5 Nxe5 15. Qxe5 axb5 16. 0-0 b4 17. Rfe1 Ba6 18. Rad1 Bxd3 19. Rxd3 Rfc8 20. Re2 Qc5 21. h4 Rxa2 22. h5 Qf8 23. Rg3 Ra1+ 24. Kh2 Ra6 25. Rd2 Rac6 26. Rd4 f6 27. Qe1 Rb8 28. Rdg4 Rb7 29. Qe2 f5 30. Rg5 Qf6 31. f4 Rc4 32. b3 Rxf4 33. Qa6 Rh4+ 34. Kg1 Qd4+ 35. Kf1 Qd1+ 36. Kf2 Qxc2+ 37. Kf3 Rf4+ 0-1

[Event "NRW Class2 0708"]
[Site "Germany"]
[Date "2007.12.09"]
[Round "4.1"]
[White "Auer, Martin"]
[Black "Hintze, Helge"]
[Result "1/2-1/2"]
[WhiteElo "2319"]
[BlackElo "2342"]
[PlyCount "79"]
[EventDate "2007.09.16"]
[EventType "team"]
[EventRounds "9"]
[EventCountry "GER"]
[SourceTitle "EXT 2009"]
[Source "ChessBase"]
[SourceDate "2008.11.26"]
[SourceVersion "1"]
[SourceVersionDate "2008.11.26"]
[SourceQuality "1"]
[WhiteTeam "Solingen III"]
[BlackTeam "Hagen"]
[WhiteTeamCountry "GER"]
[BlackTeamCountry "GER"]

1. c4 Nf6 2. Nc3 d5 3. cxd5 Nxd5 4. g3 c5 5. Bg2 Nc7 6. Nf3 Nc6 7. 0-0 g6 8. Na4 Qd6 9. d3 Bg7 10. Nd2 b6 11. Nc4 Qd7 12. Naxb6 axb6 13. Nxb6 Qd6 14. Nxa8 Nxa8 15. Qa4 Bb7 16. Qb5 Qd7 17. Be3 Nd8 18. Qxd7+ Kxd7 19. Bxc5 Bxg2 20. Kxg2 Bxb2 21. Rab1 Be5 22. d4 Bc7 23. d5 f5 24. f3 Rf8 25. e4 Rf6 26. Rfe1 fxe4 27. fxe4 Ra6 28. Re2 Be5 29. Be3 Nc7 30. Bf4 Nf7 31. Rc2 Kc8 32. h4 Bd6 33. Rb3 Ne5 34. Kf2 Ra4 35. Ke3 Kd7 36. Rb7 Nc4+ 37. Kd3 Ne5+ 38. Ke3 Nc4+ 39. Kd3 Ne5+ 40. Ke3 1/2-1/2

[Event "Goch op 18th"]
[Site "Goch"]
[Date "2007.10.05"]
[Round "3"]
[White "Hintze, Helge"]
[Black "Stuemer, Paul"]
[Result "1-0"]
[WhiteElo "2342"]
[BlackElo "2152"]
[PlyCount "69"]
[EventDate "2007.10.04"]
[EventType "swiss"]
[EventRounds "7"]
[EventCountry "GER"]
[SourceTitle "EXT 2011"]
[Source "ChessBase"]
[SourceDate "2010.11.26"]
[SourceVersion "1"]
[SourceVersionDate "2010.11.26"]
[SourceQuality "1"]

1. c4 g6 2. Nc3 Bg7 3. Nf3 c5 4. g3 Nc6 5. Bg2 e5 6. 0-0 Nge7 7. Ne1 0-0 8. Nc2 Rb8 9. Rb1 d6 10. b4 cxb4 11. Nxb4 Bf5 12. d3 Qa5 13. a3 Rfd8 14. Bg5 f6 15. Bd2 Qc7 16. Qb3 Kh8 17. Be3 Be6 18. Nbd5 Qd7 19. Nxe7 Qxe7 20. Bxc6 bxc6 21. Qxb8 Rxb8 22. Rxb8+ Bg8 23. Rfb1 f5 24. Ra8 Qe6 25. Rbb8 h5 26. Rxg8+ Kh7 27. Rge8 Qf7 28. Bg5 Qb7 29. Rab8 Qc7 30. Nd1 d5 31. Rbd8 Qa5 32. Kf1 Qa4 33. Ke1 dxc4 34. dxc4 f4 35. Rd7 1-0